| 000 | 00428nam a22001577a 4500 | ||
|---|---|---|---|
| 003 | PILC | ||
| 005 | 20160308090658.0 | ||
| 008 | 160308b xxu||||| |||| 00| 0 eng d | ||
| 020 | _a978919535287 | ||
| 050 |
_aDS 626.616 _b.D981 2014 |
||
| 245 | _aDuty, people, country / | ||
| 260 |
_aPhilippines : _bRPDEV, _c2014. |
||
| 300 |
_avi, 234 pages : _bcolor illustrations ; _c22 cm. |
||
| 500 | _aIncludes index. | ||
| 942 |
_2lcc _cBK |
||
| 999 |
_c291475 _d291475 |
||